Central Library OPAC University of Rajshahi

Higher education in Bangladesh : (Record no. 38222)

MARC details
000 -LEADER
fixed length control field 00681nam a22002295a 4500
001 - CONTROL NUMBER
control field 38222
003 - CONTROL NUMBER IDENTIFIER
rucl marc code BD-RjUL
005 - DATE AND TIME OF LATEST TRANSACTION
control field 20211209052743.0
008 - FIXED-LENGTH DATA ELEMENTS--GENERAL INFORMATION
fixed length control field 141126m20132012bg e b 000 0 eng
020 ## - INTERNATIONAL STANDARD BOOK NUMBER
International Standard Book Number 9789848990742
Terms of availability : Tk.425.00
035 ## - SYSTEM CONTROL NUMBER
System control number (BD-RjUL)38327
040 ## - CATALOGING SOURCE
Original cataloging agency BD-RjUL
Language of cataloging eng
Description conventions BD-RjUL
Transcribing agency BD-RjUL
041 ## - LANGUAGE CODE
Language code of text/sound track or separate title eng
082 ## - DEWEY DECIMAL CLASSIFICATION NUMBER
Edition number 23
Classification number 378.5492
Author mark and year ISH 2013
100 10 - MAIN ENTRY--PERSONAL NAME
Personal name Islam, Fakhrul,
9 (RLIN) 118192
245 10 - TITLE STATEMENT
Title Higher education in Bangladesh :
Remainder of title prospects and challenges /
Statement of responsibility, etc. Fakhrul Islam.
260 ## - PUBLICATION, DISTRIBUTION, ETC. (IMPRINT)
Place of publication, distribution, etc. Dhaka :
Name of publisher, distributor, etc. Anarjo,
Date of publication, distribution, etc. 2013.
300 ## - PHYSICAL DESCRIPTION
Pagination 238 p. :
Illustrations ill. ;
Size 22 cm.
504 ## - BIBLIOGRAPHY, ETC. NOTE
Bibliography, etc Includes Appendix
650 ## - SUBJECT ADDED ENTRY--TOPICAL TERM
Topical term or geographic name as entry element Higher education
Geographic subdivision Bangladesh
9 (RLIN) 118193
942 ## - ADDED ENTRY ELEMENTS (KOHA)
Source of classification or shelving scheme Dewey Decimal Classification
Koha item type Books
Holdings
Lost status Source of classification or shelving scheme Damaged status Not for loan Collection code Permanent Location Current Location Shelving location Date acquired Source of acquisition Cost, normal purchase price Total Checkouts Full call number Date last seen Copy number Koha item type
  Dewey Decimal Classification   Not For Loan Non-fiction Central Library, University of Rajshahi Central Library, University of Rajshahi Reading Room 05/10/2015 Rajshahi University Central Llibrary 425.00   378.5492 ISH 2013 10/10/2015 C-1 Books
  Dewey Decimal Classification     Non-fiction Central Library, University of Rajshahi Central Library, University of Rajshahi   05/10/2015 Rajshahi University Central Llibrary 425.00   378.5492 ISH 2013 11/10/2015 C-2 Books
  Dewey Decimal Classification     Non-fiction Central Library, University of Rajshahi Central Library, University of Rajshahi   05/10/2015 Rajshahi university central library 425.00   378.5492 ISH 2013 30/04/2016 C-3 Books
  Dewey Decimal Classification     Non-fiction Central Library, University of Rajshahi Central Library, University of Rajshahi   05/10/2015 Rajshahi University Central Llibrary 425.00   378.5492 ISH 2013 30/04/2016 C-4 Books
  Dewey Decimal Classification     Non-fiction Central Library, University of Rajshahi Central Library, University of Rajshahi   05/10/2015 Rajshahi University Central Llibrary 425.00   378.5492 ISH 2013 30/04/2016 C-5 Books
  Dewey Decimal Classification     Non-fiction Central Library, University of Rajshahi Central Library, University of Rajshahi   05/10/2015 Rajshahi University Central Llibrary 425.00   378.5492 ISH 2013 30/04/2016 C-6 Books
  Dewey Decimal Classification     Non-fiction Central Library, University of Rajshahi Central Library, University of Rajshahi   24/04/2016 RUCL 425.00   378.5492 ISH 2013 30/04/2016 C-7 Books